| 000 | 00514nam a22001457a 4500 | ||
|---|---|---|---|
| 020 | _a9789876200684 | ||
| 080 | _a349.24 C 283 | ||
| 100 | _aCaterina, Luis Maria | ||
| 245 |
_aLos empresarios y el obrerismo en tiempos radicales _b1916-1930 |
||
| 260 |
_aRosario _bPontificia Universidad Católica Argentina _c2000 |
||
| 300 | _a394 p. | ||
| 650 |
_xderecho laboral _xobrerismo _xempresarios _xgobierno radical _xasociación del Trabajo _xley 11.278 _xreformas a la ley 11.278 |
||
| 945 |
_asa _d2015-06-25 |
||
| 999 |
_c4081 _d234585 |
||
| 942 | _6_ | ||